The United States of America : (Record no. 5557)

MARC details
000 -LEADER
fixed length control field 01018nam a22002897a 4500
001 - CONTROL NUMBER
control field 5557
003 - CONTROL NUMBER IDENTIFIER
control field FISKH
005 - DATE AND TIME OF LATEST TRANSACTION
control field 20241217144655.0
008 - FIXED-LENGTH DATA ELEMENTS--GENERAL INFORMATION
fixed length control field 241217b cb ||||| |||| 00| 0 eng d
020 ## - INTERNATIONAL STANDARD BOOK NUMBER
International Standard Book Number 9780439827652
040 ## - CATALOGING SOURCE
Original cataloging agency FISKH
Language of cataloging eng
Transcribing agency FISKH
Modifying agency FISKH
050 ## - LIBRARY OF CONGRESS CALL NUMBER
Classification number E180.M55
082 ## - DEWEY DECIMAL CLASSIFICATION NUMBER
Classification number 973
100 ## - MAIN ENTRY--PERSONAL NAME
Personal name Miller, Millie
245 ## - TITLE STATEMENT
Title The United States of America :
Remainder of title state-by-state guide /
Statement of responsibility, etc. by Millie Miller & Cyndi Nelson
250 ## - EDITION STATEMENT
Edition statement This edition paperback printing, October 2006
260 ## - PUBLICATION, DISTRIBUTION, ETC.
Place of publication, distribution, etc. New York :
Name of publisher, distributor, etc. Scholastic ;
Date of publication, distribution, etc. 1999 .
300 ## - PHYSICAL DESCRIPTION
Extent 64 pages :
Other physical details color illustrations , maps ;
Dimensions 28 cm .
505 ## - FORMATTED CONTENTS NOTE
Formatted contents note U <br/>
520 ## - SUMMARY, ETC.
Summary, etc. Presents information about the people, places, birds, insects, flowers, endangered species, and more associated with each of the fifty states and the nation's capital.
521 8# - TARGET AUDIENCE NOTE
Target audience note 820 <br/>
Source Lexile estimate <br/>
521 8# - TARGET AUDIENCE NOTE
Target audience note U <br/>
Source RAz-Plus <br/>
650 ## - SUBJECT ADDED ENTRY--TOPICAL TERM
Topical term or geographic name entry element reference
Form subdivision Non-fiction
700 ## - ADDED ENTRY--PERSONAL NAME
Personal name Sabato, Nancy
Relator term Book designer
942 ## - ADDED ENTRY ELEMENTS (KOHA)
Source of classification or shelving scheme Dewey Decimal Classification
Koha item type Books
Suppress in OPAC No
Holdings
Withdrawn status Lost status Source of classification or shelving scheme Damaged status Not for loan Collection Home library Current library Shelving location Date acquired Total Checkouts Full call number Barcode Date last seen Price effective from Koha item type
    Dewey Decimal Classification     Non-Fiction Footprints International School Library Network Toul Kork Campus Footprints International School Library Network Toul Kork Campus TTP Secondary Non-Fiction Bookshelves 12/17/2024   MIL 973 E180.M55 FISSE01239 12/17/2024 12/17/2024 Books